| 000 | 01056nam a2200217Ia 4500 | ||
|---|---|---|---|
| 003 | OSt | ||
| 005 | 20210407092042.0 | ||
| 008 | 210310s2011 ck a dg 000 0 spa d | ||
| 040 |
_aCO-JMCR _cCO-JMCR |
||
| 041 | 0 | _aspa | |
| 082 | 0 | 4 |
_a657 / _bR741a _223 |
| 100 | 1 |
_aRojo, Ramírez, Alfonso A. _eautor _925556 |
|
| 245 | 0 |
_aanálisis económico-financiero de la empresa : _bUn análisis desde los datos contables / _cAlfonso A. Rojo Ramírez |
|
| 250 | _a1ª. edición | ||
| 260 |
_aMadrid : _bIbergaceta publicaciones, _c2011 |
||
| 300 |
_bxi, 362 páginas : _aIlustraciones y graficas en blanco y negro ; _c24 cm. |
||
| 505 | 0 | _aEl objetivo de la empresa u el análisis contable. -- Análisis de estados contables: objetivos y herramienta. -- La información contable: los estados contables pro-forma. -- Crecimiento de la empresa. -- Análisis de la rentabilidad de la empresa. -- Análisis de la solvencia de la empresa. -- Informe de análisis de la empresa. | |
| 650 | 1 | 4 |
_aContabilidad _925558 |
| 650 | 1 | 4 |
_aAuditoria _911306 |
| 942 |
_2ddc _cBK |
||
| 999 |
_c11452 _d11452 |
||